000 00283nam a22001217a 4500
008 181102b xxu||||| |||| 00| 0 eng d
041 _aeng
080 _a612.39
100 _a10
101 _aNUT
245 _aNutrition for the Practicing Physician
_cWillard,W.D
942 _2udc
_cBK
999 _c51645
_d51645